| 000 | 00472nam a2200157 i 4500 | ||
|---|---|---|---|
| 001 | 79670 | ||
| 003 | ES-MaACL | ||
| 005 | 20230906174028.0 | ||
| 007 | t| | ||
| 008 | 041022q1905 mx ||||1| spa d | ||
| 100 | 1 |
_aHerrera Moreno, Enrique. _963230 |
|
| 245 | 1 | 0 |
_aPor qué y de qué murió el licenciado Don Luis Ponce de León / _cpor Enrique Herrera Moreno. |
| 260 |
_a[México : _bs.n., _c1905?] |
||
| 300 |
_a24 p. : _bil. ; _c23 cm. |
||
| 852 |
_aES-MaACL _j1705-F-17 |
||
| 999 |
_c79670 _d79670 |
||